| 000 | 00896cab a2200253 4500 | ||
|---|---|---|---|
| 001 | WB2349-08 | ||
| 008 | 090401t1987 xxu||||| |||| 00| 0 eng d | ||
| 035 | _a(Sirsi) u68690 | ||
| 041 | _aeng | ||
| 245 | _aSubcontractors negligence? | ||
| 260 | _c1987 | ||
| 350 | _a0 | ||
| 490 |
_aEstates Gazette _v284(6363) 5/12/87 p1387 |
||
| 520 | _aDiscusses the judgement in Norwich County Council v Briggs Amasco Ltd and Harvey , 2 November 1987, (unreported), where it was held that subcontractors were not liable for damage to the extension of a swimming pool complex, caused by negligent use of a blow torch . | ||
| 650 | _aBUILT ENVIRONMENT-BUILDING CONTRACT FORMS | ||
| 650 | _aCLAIMS | ||
| 650 | _aEXEMPTION CLAUSE | ||
| 650 | _aJCT 1963 | ||
| 650 | _aNEGLIGENCE | ||
| 650 | _aPROFESSIONAL INDEMNITY INSURANCE | ||
| 690 | _aBUILT ENVIRONMENT | ||
| 942 | _n0 | ||
| 948 | _c04/03/1997 | ||
| 999 |
_c43100 _d43100 |
||